Statistics for Countries Closest to Netherlands A-Z

Click here to take the quiz!

General Stats

  • This quiz has been taken 49 times
  • The average score is 22 of 24

Answer Stats

Country% Correct
AAustria
100%
FFrance
100%
BBelgium
100%
UUnited Kingdom
100%
DDenmark
98%
GGermany
98%
HHungary
98%
LLuxembourg
98%
NNorway
98%
EEstonia
95%
IItaly
95%
PPoland
95%
CCzech Republic
93%
YYemen
93%
SSwitzerland
91%
VVatican City
91%
ZZambia
91%
QQatar
91%
OOman
91%
KKosovo
86%
MMonaco
84%
RRomania
75%
JJordan
73%
TTunisia
66%

Score Distribution

Percentile by Number Answered

Percent of People with Each Score

Your Score History

You have not taken this quiz